00431nam a22001337a 4500008004100000040005500041080001500096100002000111245005200131260006000183300001400243650001700257653002300274230510b |||||||| |||| 00| 0 eng d aNational Science LibrarycNational Science Library a778.6 bN8 aReilly, James M aStorage guide for color photographic materials  aNew York: bUniversity of the State of New York, c1998 aiv, 48p.  aPhotography  aColor photography